000 00462nam a22001697a 4500
003 NUST - PNEC
005 20170116181016.0
008 150914b xxu||||| |||| 00| 0 eng d
020 _a0070591741
040 _cLIBRARY
082 _a621.36 SMI
100 _910463
_aSmith, Warren J.
245 _aModern optical engineering : the design of optical systems
_cWarren J.Smith
260 _cc1990.
650 _910465
_aOptical engineering
_xEL
942 _2ddc
_cBK
999 _c67266
_d67266